| 000 | 00343nam a2200133Ia 4500 | ||
|---|---|---|---|
| 005 | 20251222144845.0 | ||
| 008 | 251222s9999||||xx |||||||||||||| ||spa|| | ||
| 020 | _a84-220-0699-5 | ||
| 082 | _a305.906.9/H46 | ||
| 100 | _aHerrera Puga, Pedro | ||
| 245 | 0 | _aSociedad y Delincuencia en el Siglo de Oro | |
| 264 | _bLa Católica | ||
| 942 | _cLIB | ||
| 999 |
_c21379 _d21379 |
||